000 01417cam a22003617a 4500
003 CHAP
005 20220329141851.0
008 980317d1997 mx a r 10110 spa d
010 _a75012
011 _a75984
035 _a85558
040 _cCHAP
082 0 4 _a636.213084
_bC8
111 0 0 _aCurso Alternativas de Manejo en Bovinos para Carne en Pastoreo
_d(1997 :
_cChapingo, Méx.)
_930560
245 1 0 _aMemorias
_c/por UACH. Departamento de Zootecnia
260 0 _aChapingo, Méx. :
_bUACH. Departamento de Zootecnia,
_c1997.
300 _a147 p. :
_bilus. ; gráfs.
590 _aBATCH-UPD
_b10
_c20130110
_lUCH01
_h1708
590 _aBATCH-UPD
_b10
_c20130410
_lUCH01
_h1054
590 _aBATCH-UPD
_b10
_c20130914
_lUCH01
_h1510
590 _aCONVERSION
_b10
_c20130109
_lUCH01
_h1341
650 1 4 _aGanado de carne
_xAlimentación.
_945068
650 1 4 _aGanado de carne
_xPastoreo.
_945101
650 1 4 _aLeche
_xMercadeo
_zTlaxcala.
_965393
901 _aBK
905 _aGuadalupe Pinto C.
942 _cLIBRO
949 _a636.213084 C8
_bBC
_cCONG
_d855582
_eCONG
_fc.2
_h92507
_i85558
_sb
949 _a636.213084 C8
_bBC
_cLIBRO
_d33724002225686
_eLIBRO
_fc.3
_h113825
_i85558
_sb
949 _a636.213084 C8
_bBC
_cLIBRO
_d33724002225728
_eLIBRO
_fc.5
_h113827
_i85558
_sb
949 _a636.213084 C8
_bBC
_cLIBRO
_d33724002225769
_eLIBRO
_fc.4
_h113826
_i85558
_sb
949 _a636.213084 C8
_bBC
_cUACH
_d855581
_eUACH
_h92506
_i85558
_sb
999 _c75012
_d75012